George Washington Trivia - Statistics

General Stats
  • This quiz has been taken 34 times
    20 since last reset
  • The average score is 9 of 15
Answer Stats
Hint Answer % Correct
What year was he born 1732
81%
What State was he born in Virginia
81%
What was his teeth made out of Ivory/bone/gold
75%
Who was Washington's wife's first name? Martha
75%
What year was he elected president 1789
69%
George Washington's home Mount Vernon
69%
When was he put in charge of the ContinentalArmy 1775
63%
He started this war French and Indian/7 years
63%
George Washington did not have any _________ children Biological
56%
George Washington got _________ whilevisiting Barbados in 1751. Smallpox
56%
What was Washington's first career Surveyor
56%
How many rooms did his home have 21
50%
Washington was mostly self ______ Educated
38%
Religion of Washington (Branch of Christianity) Anglican
25%
(Follow-up) Where did he explore duringhis first career Western Virginia
6%
No matching quizzes found
Score Distribution
Percent of People with Each Score
Percentile by Number Answered
Your Score History
You have not taken this quiz since the last reset